000 00583nam a22001937a 4500
005 20251108172100.0
008 250721s1985 xx 000 0 ara d
082 1 4 _a928.2/بو
100 1 _aروسو، جان
245 1 0 _aادغار الان بو /
250 _aط2
264 1 _aبيروت :
_bالمؤسسة العربية للدراسات و النشر،
_c1985.
300 _a264ص
490 0 _aسلسلة أعلام الفكر العالمي
650 1 7 _aالتراجم
700 1 _aداغر، كميل قيصر
_eترجمة
942 _2ddc
_cBK
999 _c70017
_d70017